Lo que nadie quiere creer (Record no. 24019)

MARC details
000 -LEADER
campo de control de longitud fija 00611nam a2200181 i 4500
001 - NÚMERO DE CONTROL
campo de control 24019
003 - IDENTIFICADOR DE NÚMERO DE CONTROL
campo de control ES-MaACL
005 - FECHA Y HORA DE LA ÚLTIMA TRANSACCIÓN
campo de control 20230906152955.0
007 - CAMPO FIJO DE DESCRIPCIÓN FÍSICA--INFORMACIÓN GENERAL
campo de control de longitud fija t|
008 - DATOS DE LONGITUD FIJA--INFORMACIÓN GENERAL
campo de control de longitud fija 021213s1970 sp ||||1| spa d
100 1# - ENTRADA PRINCIPAL--NOMBRE DE PERSONA
Nombre de persona Andreas, Peter.
9 (RLIN) 21551
245 10 - MENCIÓN DEL TÍTULO
Título Lo que nadie quiere creer
Resto del título : aventuras en busca de la naturaleza del hombre /
Mención de responsabilidad, etc. por Peter Andreas y Gordon Adams ; [versión de: Cristina Majem].
260 ## - PUBLICACIÓN, DISTRIBUCIÓN, ETC.
Lugar de publicación, distribución, etc. Barcelona :
Nombre del editor, distribuidor, etc. Aura,
Fecha de publicación, distribución, etc. [1970]
300 ## - DESCRIPCIÓN FÍSICA
Extensión 206 p., 4 lám. :
Otras características físicas il. ;
Dimensiones 22 cm.
700 1# - ENTRADA AGREGADA--NOMBRE PERSONAL
Nombre de persona Adams, Gordon.
9 (RLIN) 18386
700 1# - ENTRADA AGREGADA--NOMBRE PERSONAL
Nombre de persona Majem, Cristina.
9 (RLIN) 75647
852 ## - LOCALIZACIÓN
Ubicación ES-MaACL
Número de control de estantería C-38676
Sublocalización o colección R.74460
Holdings
Estatus retirado Estado de pérdida Estado de daño No para préstamo Biblioteca de origen Biblioteca actual Ubicación en estantería Fecha de adquisición Fuente de adquisición Total de préstamos Signatura topográfica completa Código de barras Visto por última vez Precio de reemplazo Tipo de ítem Koha
        Biblioteca del Ateneo de Madrid Biblioteca del Ateneo de Madrid Depósito 2 17/01/2008     C-38676 1024755 23/02/2023 23/02/2023 Libro impreso